000 00266nam a2200109Ia 4500
008 190216s9999||||xx |||||||||||||| ||und||
100 _aIndian Express
245 4 _aThe Best Of Express Port 1986
260 _bNational Publications
650 _aEnglish
942 _cBK
999 _c13390
_d13390